000 00589nam a22002057a 4500
005 20251108171220.0
008 250721s1991 xx 000 0 ara d
082 1 4 _aط/923.544/جان
100 1 _aنابلسي، هالة
_eTran.
245 1 0 _aجان دارك /
264 1 _aبيروت :
_bدار المسيرة،
_c1991.
300 _a22 ص. : مص.
490 0 _aالمستكشف الصغير
650 1 7 _aالتراجم
650 1 7 _aالعسكريون
653 _aجان دارك
653 _aناشئون صغار (10-14 سنة)
942 _2ddc
_cBK
999 _c59548
_d59548